Lun yu ji jie yi shu : 10 juan /
Saved in:
| 主要作者: | |
|---|---|
| 其他作者: | , |
| 格式: | 图书 |
| 语言: | Chinese |
| 出版: |
[Taiwan],
Min guo 55 [1966]
|
| 主题: | |
| 标签: |
添加标签
没有标签, 成为第一个标记此记录!
|
| LEADER | 01181cam a2200301ui 4500 | ||
|---|---|---|---|
| 001 | 007722363-2 | ||
| 005 | 20024617112705.0 | ||
| 008 | 980227r1966uuuuch 000 0 chi d | ||
| 035 | 0 | |a ocm38523636 | |
| 040 | |a *YNH* |c *YNH* |d CStRLIN | ||
| 100 | 0 | |a Confucius. | |
| 245 | 1 | 0 | |6 880-01 |a Lun yu ji jie yi shu : |b 10 juan / |c He Yan ji jie ; Huang Kan yi shu. |
| 260 | |6 880-02 |a [Taiwan], |c Min guo 55 [1966] | ||
| 300 | |a 5 v. ; |c 19 cm. | ||
| 500 | |6 880-03 |a (In Yan Lingfeng bian ji Wu qiu bei zhai Lun yu ji cheng v. 27-31) | ||
| 500 | |6 880-04 |a Facsimile reproduction of Bao shi kan, Zhi bu zu zhai cong shu ben. | ||
| 600 | 0 | 0 | |6 880-05 |a Confucius. |t Lun yu. |
| 700 | 1 | |6 880-06 |a He, Yan, |d -249. | |
| 700 | 1 | |6 880-07 |a Huang, Kan, |d 488-545. | |
| 880 | 1 | 0 | |6 245-01 |a 論語集解義疏 : |b 10卷 / |c 何晏集解 ; 黄侃義疏. |
| 880 | |6 260-02 |a [Taiwan], |c 民國55 [1966] | ||
| 880 | |6 500-03 |a (In 嚴靈峯編輯無求備齋論語集成 v. 27-31) | ||
| 880 | |6 500-04 |a Facsimile reproduction of 鮑氏刋, 知不足齋叢書本. | ||
| 880 | 0 | 0 | |6 600-05 |a Confucius. |t 論語. |
| 880 | 1 | |6 700-06 |a 何晏, |d -249. | |
| 880 | 1 | |6 700-07 |a 皇侃, |d 488-545. | |
| 988 | |a 20021121 | ||
| 906 | |0 MH | ||


